Terre indienne (Record no. 128279)

MARC details
000 -LEADER
campo de control de longitud fija 00791nam a2200241 i 4500
001 - NÚMERO DE CONTROL
campo de control 128279
003 - IDENTIFICADOR DE NÚMERO DE CONTROL
campo de control ES-MaACL
005 - FECHA Y HORA DE LA ÚLTIMA TRANSACCIÓN
campo de control 20230906193224.0
007 - CAMPO FIJO DE DESCRIPCIÓN FÍSICA--INFORMACIÓN GENERAL
campo de control de longitud fija t|
008 - DATOS DE LONGITUD FIJA--INFORMACIÓN GENERAL
campo de control de longitud fija 070628s1991 fr ||||1| fre d
020 ## - NÚMERO INTERNACIONAL ESTÁNDAR DEL LIBRO
Número Internacional Estándar del Libro 2-86260-332-5
080 ## - NÚMERO DE LA CLASIFICACIÓN DECIMAL UNIVERSAL
Número de la Clasificación Decimal Universal 9(=97)
245 00 - MENCIÓN DEL TÍTULO
Título Terre indienne
Resto del título : une peuple écrasé, une culture retrouvée /
Mención de responsabilidad, etc. dirigé par Philippe Jacquin.
260 ## - PUBLICACIÓN, DISTRIBUCIÓN, ETC.
Lugar de publicación, distribución, etc. Paris :
Nombre del editor, distribuidor, etc. Autrement,
Fecha de publicación, distribución, etc. [1991]
300 ## - DESCRIPCIÓN FÍSICA
Extensión 228 p. :
Otras características físicas il. ;
Dimensiones 25 cm.
490 1# - MENCIÓN DE SERIE
Mención de serie Autrement. Série Monde
-- 8, n. 54
500 ## - NOTA GENERAL
Nota general Biblioteca Jacinto Martínez Lacalle.
650 #4 - PUNTO DE ACCESO ADICIONAL DE MATERIA--TÉRMINO DE MATERIA
Término de materia o nombre geográfico como elemento de entrada Indios de América del Norte-
Subdivisión general Guerras.
9 (RLIN) 13678
700 1# - ENTRADA AGREGADA--NOMBRE PERSONAL
Nombre de persona Jacquin, Philippe.
9 (RLIN) 65886
830 0# - PUNTO DE ACCESO ADICIONAL DE SERIE-TÍTULO UNIFORME
Título uniforme Autrement. Série Monde
Subcampo de control 8, n. 54
9 (RLIN) 219265
852 ## - LOCALIZACIÓN
Ubicación ES-MaACL
Número de control de estantería E-11780
Sublocalización o colección R.139755
Holdings
Estatus retirado Estado de pérdida Estado de daño No para préstamo Biblioteca de origen Biblioteca actual Ubicación en estantería Fecha de adquisición Fuente de adquisición Total de préstamos Signatura topográfica completa Código de barras Visto por última vez Precio de reemplazo Tipo de ítem Koha
        Biblioteca del Ateneo de Madrid Biblioteca del Ateneo de Madrid Depósito 2 17/01/2008     E-11780 1133605 23/02/2023 23/02/2023 Libro impreso